01522 2200229 4500001002100000005001500021035002000036008004100056020001800097041000800115082000800123084001400131100001700145245006700162250001000229260003900239300001600278520092200294650002401216990002601240990002601266INLIS00000000000445920221101023300 a0010-0520004459221101 | | ind  a979-450-198-0 aind a342 a342 RID h0 aRidwan Halim1 aHukum Administrasi Negara Dalam Tanya Jawab /cA. Ridwan Halim aCet 1 aJakarta :bGhalia indonesia,c1988 a159 p, 21cm aBuku ini merupakan buku kedua belas dari ?Paket Seri Hukum dalam Tanya Jawab? yang diadakan oleh Penerbit Ghalia Indonesia. Buku ini disusun, terutama untuk menjadi ?pasangan? dari buku ?Hukum Tata Negara dalam Tanya Jawab?, mengingat Hukum Administrasi Negara dan Hukum Tata Negara merupakan Hukum Negara, dalam arti hukum Negara, meskipun keduanya menelaah perihal Negara ini dari pangkal tolak pandangan yang berbeda. Hokum Tata Negara lebih menitikberatkan pengaturan dari sudut kedudukan masing-masing subjek hokum Negara berikut hal ?apa saja? peranan mereka masing-masing (hak dan kewajiban serta kekuasaan), sedangkan Hukum Administrasi Negara lebih menitikberatkan pengaturan Negara dari sudut ?bagaimanakah? (cara) masing-masing subjek hokum Negara itu melaksanakan peranan mereka selaras dengan kedudukannya masing-masing tersebut. Perbedaan asasi inilah yang diharapkan dapat terlihat dari kedua buku ini. 4a1 Hukum Tata Negara a07519/MKRI-P/XII-2007 a07519/MKRI-P/XII-2007